书目信息 |
| 题名: |
新全球经济与发展中国家让开放起作用
|
|
| 作者: | 罗德里克 , 丹尼·罗德里克 著 ;王勇 译 | |
| 分册: | ||
| 出版信息: | 北京 世界知识出版社 2004 |
|
| 页数: | 18,144页 | |
| 开本: | 24cm | |
| 丛书名: | 国际关系学名著系列 | |
| 单 册: | ||
| 中图分类: | F112.1 | |
| 科图分类: | ||
| 主题词: | 发展中国家--外同型经济--研究 | |
| 电子资源: | ||
| ISBN: | 7-5012-2475-7 | |
| 000 | 01705nam0 2200385 450 | |
| 000 | 01668nam0 2200373 450 | |
| 000 | 01578nam0 2200373 450 | |
| 000 | 01524nam0 2200349 450 | |
| 000 | 01586nam0 2200337 450 | |
| 000 | 01549nam0 2200325 45 | |
| 001 | TS-156682 | |
| 005 | 20070113100216.85 | |
| 010 | @a7-5012-2475-7@dCNY16.00 | |
| 100 | @a20060829d2004 em y0chiy0110 ea | |
| 101 | 1 | @achi@ceng |
| 102 | @aCN@b110000 | |
| 105 | @ay z 000yy | |
| 200 | 1 | @a新全球经济与发展中国家让开放起作用@Axin quan qiu jing ji yu fa zhan zhong guo jia rang kai fang qi zuo yong@f(美)丹尼·罗德里克著@F(mei)dan ni·luo de li ke zhu@g王勇译 |
| 210 | @a北京@c世界知识出版社@d2004 | |
| 215 | @a18,144页@d24cm | |
| 225 | 2 | @a国际关系学名著系列@i国际政治经济学 |
| 330 | @a本书论述了全球经济一体化的进程极大地改变了大多数国家制定经济发展政策的外部环境,向世界开放本国经济,只有在同时出台的、相配套的政策和制度的保障下,才能获得多种经济好处。 | |
| 462 | 0 | @1001002504084@12001 @a国际政治经济学 |
| 510 | 1 | @aThe New Global Economy and Developing Countries: Making Openness Work@zeng |
| 516 | 1 | @a新全球经济与发展中国家:让开放起作用@Axin quan qiu jing ji yu fa zhan zhong guo jia : rang kai fang qi zuo yong |
| 606 | 0 | @a发展中国家@x外同型经济@x研究 |
| 690 | @aF112.1@v4 | |
| 701 | 0 | @c(美)@a罗德里克@Aluo de li ke@c(Rodrik, Dani)@4著 |
| 701 | 0 | @a丹尼·罗德里克@Adan ni·luo de li ke@4著 |
| 702 | 0 | @a王勇@Awang yong@c(国际关系)@4译 |
| 801 | 0 | @aCN@b中图数据@c20070113 |
| 905 | @a10447@dF112.1@e110 | |
| 新全球经济与发展中国家让开放起作用/(美)丹尼·罗德里克著/王勇译.-北京:世界知识出版社,2004 |
| 18,144页;24cm.-(国际关系学名著系列.国际政治经济学) |
| ISBN 7-5012-2475-7:CNY16.00 |
| 本书论述了全球经济一体化的进程极大地改变了大多数国家制定经济发展政策的外部环境,向世界开放本国经济,只有在同时出台的、相配套的政策和制度的保障下,才能获得多种经济好处。 |
| ● |
| 相关链接 |
|
|
|
|
正题名:新全球经济与发展中国家让开放起作用
索取号:F112.1/110
 
预约/预借
| 序号 | 登录号 | 条形码 | 馆藏地/架位号 | 状态 | 备注 |
| 1 | 0601141 | 206011411 | 第一样本阅览室/ [索取号:F112.1/110] | 在馆 | |
| 2 | 0601142 | 206011420 | 第一借阅区/ [索取号:F112.1/110] | 在馆 | |
| 3 | 0601143 | 206011439 | 密集书库/ [索取号:F112.1/110] | 在馆 | |
| 4 | 0601144 | 206011448 | 密集书库/ [索取号:F112.1/110] | 在馆 | |
| 5 | 0601145 | 206011457 | 第一借阅区/ [索取号:F112.1/110] | 在馆 | |
| 6 | 0601146 | 206011466 | 第一借阅区/ [索取号:F112.1/110] | 在馆 | |
| 7 | 0601147 | 206011475 | 第一借阅区/ [索取号:F112.1/110] | 在馆 | |
| 8 | 0601148 | 206011484 | 第一借阅区/ [索取号:F112.1/110] | 在馆 | |
| 9 | 0601149 | 206011493 | 密集书库/ [索取号:F112.1/110] | 在馆 |